<?xml version="1.0" encoding="UTF-8"?>
<record
    xmlns:xsi="http://www.w3.org/2001/XMLSchema-instance"
    xsi:schemaLocation="http://www.loc.gov/MARC21/slim http://www.loc.gov/standards/marcxml/schema/MARC21slim.xsd"
    xmlns="http://www.loc.gov/MARC21/slim">

  <leader>00684cam a22002178i 4500</leader>
  <datafield tag="999" ind1=" " ind2=" ">
    <subfield code="c">111048</subfield>
    <subfield code="d">111048</subfield>
  </datafield>
  <controlfield tag="001">19898992</controlfield>
  <controlfield tag="005">20190227112527.0</controlfield>
  <controlfield tag="008">170814s2019    mau      b    001 0 eng  </controlfield>
  <datafield tag="020" ind1=" " ind2=" ">
    <subfield code="a">9781284036916 (pbk. : alk. paper)</subfield>
  </datafield>
  <datafield tag="040" ind1=" " ind2=" ">
    <subfield code="c">PK-LaUMT</subfield>
  </datafield>
  <datafield tag="082" ind1="0" ind2="0">
    <subfield code="a">616.85506</subfield>
    <subfield code="2">23</subfield>
    <subfield code="b">CLI-</subfield>
  </datafield>
  <datafield tag="100" ind1=" " ind2=" ">
    <subfield code="a">l</subfield>
  </datafield>
  <datafield tag="245" ind1="0" ind2="0">
    <subfield code="a">Clinical management of speech sound disorders :</subfield>
    <subfield code="b">a case-based approach /</subfield>
    <subfield code="c">edited by Carol Koch</subfield>
  </datafield>
  <datafield tag="260" ind1=" " ind2=" ">
    <subfield code="a">Burlington :</subfield>
    <subfield code="b">Jones &amp; Bartlett Learning,</subfield>
    <subfield code="c">2019</subfield>
  </datafield>
  <datafield tag="300" ind1=" " ind2=" ">
    <subfield code="a">323 p. ;</subfield>
    <subfield code="c">cm.</subfield>
  </datafield>
  <datafield tag="650" ind1="1" ind2="2">
    <subfield code="a">Speech Sound Disorder</subfield>
    <subfield code="x">therapy</subfield>
  </datafield>
  <datafield tag="650" ind1="2" ind2="2">
    <subfield code="a">Articulation Disorders</subfield>
    <subfield code="x">therapy</subfield>
  </datafield>
  <datafield tag="650" ind1="2" ind2="2">
    <subfield code="a">Evidence-Based Medicine</subfield>
    <subfield code="x">methods</subfield>
  </datafield>
  <datafield tag="700" ind1="1" ind2=" ">
    <subfield code="a">Koch, Carol</subfield>
  </datafield>
  <datafield tag="942" ind1=" " ind2=" ">
    <subfield code="c">BK</subfield>
  </datafield>
  <datafield tag="952" ind1=" " ind2=" ">
    <subfield code="0">0</subfield>
    <subfield code="1">0</subfield>
    <subfield code="4">0</subfield>
    <subfield code="7">0</subfield>
    <subfield code="a">01</subfield>
    <subfield code="b">01</subfield>
    <subfield code="d">2019-02-27</subfield>
    <subfield code="l">3</subfield>
    <subfield code="o">616.85506 CLI-</subfield>
    <subfield code="p">126836</subfield>
    <subfield code="r">2025-12-08 10:30:22</subfield>
    <subfield code="s">2025-11-12</subfield>
    <subfield code="w">2019-02-27</subfield>
    <subfield code="y">BK</subfield>
  </datafield>
</record>
